00430nam a2200157Ia 4500003000400000008004100004040001600045082001600061100002000077245008200097700001700179260004200196300000800238650001700246650000900263GCL140319s9999 xx 000 0 eng d aGCL / cGCL04a709.52bK E1 aKATANO, TAKASHI10aTHE EDO PERIOD: THE DESIGNER'S GUIDE TO JAPANESE PATTERNS / cKATANO, TAKASHI1 aALLEN, JANNE a[S.N] : bTHAMES AND HUDSON ، c1988 a13204aART JAPANESE04aARTS